|
|
|
|
| LEADER |
00000nam a2200000 a 4500 |
| 001 |
vtls001319474 |
| 003 |
SK-MaSNL |
| 005 |
20260301200200.0 |
| 008 |
240226s1997 xo r slo |
| 015 |
|
|
|a SNBA1998/05-01724
|
| 020 |
|
|
|a 808889316X
|
| 035 |
|
|
|a SNK000272068
|
| 035 |
|
|
|a urn:nbn:sk:snk-amtjes
|
| 035 |
|
|
|a urn:nbn:sk:snk-am00c69v
|
| 035 |
|
|
|a 57713280-C731-4DCF-A897-EAE15112C224
|
| 040 |
|
|
|a SNK
|b slo
|c SNK
|e AACR2
|
| 041 |
0 |
|
|a slo
|
| 044 |
|
|
|a xo
|c SK
|
| 080 |
|
|
|a 379.8-053.6(082)
|2 1981
|
| 080 |
|
|
|a 613.83(082)
|2 1981
|
| 111 |
1 |
|
|a Vedecká konferencia študentov
|n (5. :
|d 1997 :
|c Bratislava, Slovensko)
|4 aut
|9 87186
|
| 245 |
1 |
|
|a Môj osobný podiel na-
|b [zborník z celoslovenskej prehliadky prác študentov stredných a vysokých škôl]
|c [zostavovateľ: Eva Riháková]
|
| 260 |
|
|
|a Bratislava
|b Iuventa
|c 1997
|
| 300 |
|
|
|a 124 s.
|b grafy
|c 30 cm
|
| 500 |
|
|
|a Údaj o zost. prevzatý z tiráže
|
| 500 |
|
|
|a 400 výt.
|
| 650 |
0 |
7 |
|a čas voľný
|x využívanie
|x mládež
|x zborníky
|2 SNK
|9 579017
|
| 650 |
0 |
7 |
|a drogy
|x závislosť
|x mládež
|x zborníky
|2 SNK
|9 579018
|
| 655 |
|
7 |
|a zbierky
|2 SNK
|9 70533
|
| 700 |
1 |
|
|a Riháková, Eva
|4 com
|9 13088
|
| 919 |
|
|
|a 80-88893-16-X
|
| 958 |
|
|
|a TL
|
| 999 |
|
|
|c 889366
|d 891296
|
| 952 |
|
|
|t P60, <09>, [BOOK], {629}
|a SNK
|b SNK
|y NEVYP
|7 0
|o snkB 44
|i snk243/980212
|0 0
|1 0
|4 0
|d 1998-02-10
|l 0
|r 2005-01-02 00:00:00
|w 2026-02-24
|
| 952 |
|
|
|t P60, <03>, [BOOK], {603}
|a SNK
|b SNK
|y PREZ
|7 0
|p 17A0122287
|o snkSB 58121
|i snkKSP 1402/98
|0 0
|1 0
|4 0
|d 1998-02-10
|f 1
|l 0
|r 2025-04-09 00:00:00
|w 2026-02-24
|
| 952 |
|
|
|t P60, <04>, [BOOK], {604}
|a SNK
|b SNK
|y VYP
|7 0
|p 17A0122288
|o snkSB 58121 D1
|i snkKSP 1403/98
|0 0
|1 0
|4 0
|d 1998-02-10
|l 0
|r 2005-01-02 00:00:00
|w 2026-02-24
|